MARC

LEADER 00000nam0a2200000 4500
001 331481
005 20231102004348.0
035 |a (RuTPU)RU\TPU\book\357308 
035 |a RU\TPU\book\357301 
090 |a 331481 
100 |a 20170425d1978 k y0rusy50 ca 
101 0 |a rus 
102 |a UZ 
105 |a a z 001zy 
200 1 |a Некоторые данные об инженерно-геологических условиях отдельных районов правобережья реки Аму-Дарьи  |e [сборник статей]  |f Ташкентский политехнический институт ; отв. ред. М. И. Мавлянов 
210 |a Ташкент  |c Изд-во ТашПИ  |d 1978 
215 |a 103 с.  |c ил. 
225 1 |a Сборник научных трудов  |v Вып. 254 
320 |a Библиография в конце глав. 
606 1 |a Инженерная геология  |2 stltpush  |3 (RuTPU)RU\TPU\subj\12572  |9 39335 
610 1 |a Амударья 
610 1 |a четвертичные отложения 
610 1 |a формирование 
610 1 |a размещение 
610 1 |a состав 
610 1 |a инженерно-геологические условия 
610 1 |a селевые явления 
610 1 |a наносы 
610 1 |a горные породы 
610 1 |a трещиноватость 
610 1 |a лессовые породы 
610 1 |a пролювиальные отложения 
675 |a 624.131.1  |v 3 
702 1 |a Мавлянов  |b М. И.  |4 340 
712 0 2 |a Ташкентский политехнический институт  |2 stltpush  |3 (RuTPU)RU\TPU\col\6741 
801 1 |a RU  |b 63413507  |c 20051118  |g PSBO 
801 2 |a RU  |b 63413507  |c 20170621  |g PSBO 
942 |c BK